000 01085nam a22002417a 4500
005 20240530110611.0
008 161020s2015 ua a g b 000 0 ara d
017 _a2015/1606
_bمصر. دار الكتب
020 _a9789772768387
040 _aEG-CaGPL
_cEG-CaGPL
082 0 4 _221
_a303.38\
_bر د
100 0 _aراندة عاشور عبدالعزيز بسيونى
245 1 0 _aدور مواقع شبكات التواصل الاجتماعى فى تدعيم الصورة الاعلامية لرئيس الدولة فى ظل اندلاع الثورات العربية /
_cاعداد راندة عاشور عبدالعزيز بسيونى
250 _aط. 1
260 _aالقاهرة :
_bالمكتب العربى للمعارف ،
_c2015 .
300 _a115 ص. :
_bجداول ؛
_c24 سم.
504 _aيشتمل على ارجاعات ببليوجرافية
650 0 7 _2qrmak
_aالوعى الاجتماعى
650 0 7 _2qrmak
_aالراى العام
650 0 4 _aوسائل الاعلام
_xتاثير
_2qrmak
942 _2ddc
_cBK
999 _c62851
_d62851